Water resources systems management tools

Salvato in:
Dettagli Bibliografici
Autore principale: Mays, Larry W
Natura: Libro
Lingua:Vietnamese
Pubblicazione: McGraw-Hill 2005
Tags: Aggiungi Tag
Nessun Tag, puoi essere il primo ad aggiungerne! !
Thư viện lưu trữ: Mạng thư viện Đại học Đà Nẵng
LEADER 00616nam a2200253 4500
001 000022747
003 19196
005 20150514150519.0
008 150514s2005 viesd
020 |c 00 
041 0 |a vie 
082 1 4 |a 628,1  |b MA-L 
100 1 |a Mays, Larry W 
245 1 0 |a Water resources systems management tools  |c Larry W. Mays 
260 |b McGraw-Hill  |c 2005 
300 |a tr.  |c cm. 
OWN |a LSP 
999 |a From the UDN01 
TYP |a Monograph 
TYP |a Printed language 
980 |a Mạng thư viện Đại học Đà Nẵng